00500nam a22001337a 4500003000500000038001800005082000800023100003200031245016100063264003300224650001800257700003400275856005700309NUST aNusrat Nadeem a200 aGardezi, Syeda Hania Zainab aDo Women Who Accept Intimate Partner Violence (IPV) Also Endorse Harsh Discipline of Children? Evidence From Punjab, Pakistan/cSyeda Hania Zainab Gardezi,  aIslamabad:bS3H NUST,c2026. aMS-Economics  aSupervisor: Dr. Muhammad Ali uhttp://10.250.8.41:8080/xmlui/handle/123456789/57672